000 00323nam a22001337a 4500
008 170704b xxu||||| |||| 00| 0 eng d
020 _a9780691018997
041 _aeng
080 _a82
100 _a22
101 _aGJL
245 _aEUROPEAN LITERATURE AND THE LATIN MIDDLE AGES
_cCURTUIS.R
942 _2udc
_cBK
999 _c19915
_d19915